MARC

LEADER 00000nam0a2200000 4500
001 330964
005 20231102004317.0
035 |a (RuTPU)RU\TPU\book\356752 
090 |a 330964 
100 |a 20170413d1974 m y0rusy50 ca 
101 0 |a rus 
102 |a RU 
105 |a y j 001zy 
200 1 |a Философские вопросы развития современной науки (социологические и методологические проблемы интеграции науки)  |e учебное пособие  |f Н. Р. Ставская 
210 |a Москва  |c Высшая школа  |d 1974 
215 |a 231 с. 
225 1 |a Философия 
225 1 |a Учебное пособие для вузов 
320 |a Библиография в ссылках 
606 1 |a Науки  |x Взаимодействие  |x Философские проблемы  |2 stltpush  |3 (RuTPU)RU\TPU\subj\45097  |9 64359 
610 1 |a философские проблемы 
610 1 |a социологические проблемы 
610 1 |a методология 
610 1 |a интеграция 
610 1 |a научное знание 
610 1 |a буржуазные концепции 
610 1 |a критический анализ 
610 1 |a учебные пособия 
686 |a Ю251.23я73  |v LBC/SL-A  |2 rubbk 
700 1 |a Ставская  |b Н. Р.  |g Надежда Родионовна 
801 1 |a RU  |b 63413507  |c 20170413 
801 2 |a RU  |b 63413507  |c 20170417  |g RCR 
942 |c BK